[Event "GER-chT U12 Girls"]
[Site "Magdeburg"]
[Date "2023.12.30"]
[Round "7.3"]
[White "Fedorova, Mariia"]
[Black "Scharfenberg, Leah"]
[Result "1-0"]
[WhiteElo "1295"]
[BlackElo "755"]
[PlyCount "61"]
[EventDate "2023.12.26"]
[EventType "team-swiss"]
[EventRounds "7"]
[EventCountry "GER"]
[SourceTitle "CB03_2024"]
[SourceDate "2024.01.17"]
[SourceVersion "1"]
[SourceVersionDate "2024.01.17"]
[SourceQuality "1"]
[WhiteTeam "Weisse Dame"]
[BlackTeam "Porz SG"]
[WhiteTeamCountry "GER"]
[BlackTeamCountry "GER"]

1. e4 c5 2. Nf3 d6 3. c3 Nf6 4. e5 dxe5 5. Nxe5 g6 6. Bc4 e6 7. d4 cxd4 8. cxd4 Bg7 9. 0-0 0-0 10. Bg5 Bd7 11. Qf3 a6 12. Qxb7 Bc6 13. Nxc6 Nxc6 14. Qxc6 Qxd4 15. Bxa6 Rfd8 16. Nc3 Rd6 17. Qxa8+ Rd8 18. Qb7 h6 19. Rfd1 Qg4 20. Rxd8+ Bf8 21. Bxf6 Qf4 22. Be7 Kg7 23. Rxf8 g5 24. Bd6 Qf6 25. Be5 h5 26. Bxf6+ Kxf6 27. Qxf7+ Ke5 28. Qg7+ Kd6 29. Rd8+ Kc6 30. Qb7+ Kc5 31. Ne4# 1-0

[Event "GER-chT U12 Girls"]
[Site "Magdeburg"]
[Date "2023.12.28"]
[Round "4.1"]
[White "Cao, Weiqi"]
[Black "Fedorova, Mariia"]
[Result "1-0"]
[WhiteElo "1191"]
[BlackElo "1295"]
[PlyCount "136"]
[EventDate "2023.12.26"]
[EventType "team-swiss"]
[EventRounds "7"]
[EventCountry "GER"]
[SourceTitle "CB03_2024"]
[SourceDate "2024.01.17"]
[SourceVersion "1"]
[SourceVersionDate "2024.01.17"]
[SourceQuality "1"]
[WhiteTeam "Paderborn Akademie"]
[BlackTeam "Weisse Dame"]
[WhiteTeamCountry "GER"]
[BlackTeamCountry "GER"]

1. d4 d5 2. Nf3 Nf6 3. g3 Bf5 4. Bg2 e6 5. 0-0 Be7 6. c4 c6 7. Nc3 h6 8. Re1 Nbd7 9. h3 h5 10. Nh4 Bh7 11. Bg5 0-0 12. Qb3 Qb6 13. Qxb6 Nxb6 14. cxd5 cxd5 15. e4 dxe4 16. Nxe4 Bxe4 17. Bxe4 Nxe4 18. Bxe7 Rfe8 19. Rxe4 Rxe7 20. Nf5 Rd7 21. Nh4 f5 22. Rxe6 Rf8 23. Nf3 Nd5 24. Rd1 Ne7 25. Ne5 Rc7 26. Kg2 Nc6 27. Nxc6 bxc6 28. Rc1 Rfc8 29. Re5 g6 30. Rec5 Rb8 31. Rxc6 Rxc6 32. Rxc6 Rxb2 33. Rxg6+ Kf7 34. Ra6 Rb7 35. Ra5 Kf6 36. Ra6+ Kg7 37. Kf3 Re7 38. d5 Rd7 39. Kf4 Rxd5 40. Rxa7+ Kg6 41. Ra6+ Kg7 42. Kg5 Rd7 43. Kxh5 Rf7 44. Ra8 f4 45. a4 fxg3 46. fxg3 Rd7 47. a5 Rd5+ 48. Kg4 Rd4+ 49. Kh5 Rd5+ 50. Kh4 Rd6 51. g4 Rh6+ 52. Kg3 Rc6 53. a6 Rc3+ 54. Kh4 Rc6 55. a7 Rh6+ 56. Kg3 Ra6 57. Kf4 Ra5 58. Ke4 Kf7 59. Kd4 Ke7 60. Kc4 Kd7 61. g5 Kc6 62. Rc8+ Kb7 63. a8Q+ Rxa8 64. Rxa8 Kxa8 65. g6 Kb8 66. g7 Kc7 67. g8Q Kd6 68. Qd5+ Kc7 1-0

[Event "GER-chT U12 Girls"]
[Site "Magdeburg"]
[Date "2023.12.27"]
[Round "2.1"]
[White "Wieckowicz, Bui Ha My"]
[Black "Fedorova, Mariia"]
[Result "0-1"]
[WhiteElo "940"]
[BlackElo "1295"]
[PlyCount "22"]
[EventDate "2023.12.26"]
[EventType "team-swiss"]
[EventRounds "7"]
[EventCountry "GER"]
[SourceTitle "CB03_2024"]
[SourceDate "2024.01.17"]
[SourceVersion "1"]
[SourceVersionDate "2024.01.17"]
[SourceQuality "1"]
[WhiteTeam "Plauen Koenig"]
[BlackTeam "Weisse Dame"]
[WhiteTeamCountry "GER"]
[BlackTeamCountry "GER"]

1. e4 Nf6 2. Nc3 d5 3. exd5 Nxd5 4. Nxd5 Qxd5 5. d4 Nc6 6. Nf3 Bg4 7. Be2 0-0-0 8. Be3 g6 9. Qd2 Bg7 10. 0-0-0 Qxa2 11. h3 Qa1# 0-1